Catálogo - Centro de Recursos para el Aprendizaje y la Investigación

Volver al Sitio - CRAI Biblioteca

Constitución de la República : (Registro nro. 114696)

Detalles MARC
000 -CABECERA
campo de control de longitud fija 01052nam a2200241 4500
001 - NÚMERO DE CONTROL
campo de control 114696
003 - IDENTIFICADOR DEL NÚMERO DE CONTROL
campo de control DR-UNIBE
005 - FECHA Y HORA DE LA ÚLTIMA TRANSACCIÓN
campo de control 20260605112546.0
008 - DATOS DE LONGITUD FIJA--INFORMACIÓN GENERAL
campo de control de longitud fija 260605b2010 ho ||||| |||| 00| 0 spa d
020 ## - NÚMERO INTERNACIONAL ESTÁNDAR DEL LIBRO
Número Internacional Estándar del Libro 9789992667385
040 ## - FUENTE DE LA CATALOGACIÓN
Centro catalogador/agencia de origen BIBLIOTECA UNIBE
Lengua de catalogación spa
Centro/agencia transcriptor BIBLIOTECA UNIBE
041 ## - CÓDIGO DE LENGUA
Código de lengua del texto/banda sonora o título independiente spa
082 ## - NÚMERO DE LA CLASIFICACIÓN DECIMAL DEWEY
Número de edición 22
Número de clasificación 342.7283 H771c
110 10 - ENTRADA PRINCIPAL--NOMBRE DE ENTIDAD CORPORATIVA
Nombre de entidad corporativa o nombre de jurisdicción como elemento de entrada Honduras. Leyes, decretos, etc.
Término indicativo de función/relación autor
9 (RLIN) 218255
240 10 - TÍTULO UNIFORME
Título uniforme Constitución (1982)
245 10 - MENCIÓN DE TÍTULO
Título Constitución de la República :
Resto del título decreto número 131 (1982) : decretos reformas-ratificaciones e interpretaciones, 160 (1982) ... 166-2008 en relación al restableciemiento de los designados en base a sentencia CSJ : decreto no. 90-90 ... : su reglamento, acuerdo no. 754 : actualizada
260 ## - PUBLICACIÓN, DISTRIBUCIÓN, ETC.
Lugar de publicación, distribución, etc. Tegucigalpa, Honduras :
Nombre del editor, distribuidor, etc. Editora Casablanca,
Fecha de publicación, distribución, etc. 2010
300 ## - DESCRIPCIÓN FÍSICA
Extensión 228 páginas ;
Dimensiones 21 cm
650 #7 - PUNTO DE ACCESO ADICIONAL DE MATERIA--TÉRMINO DE MATERIA
Fuente del encabezamiento o término lemb
Término de materia o nombre geográfico como elemento de entrada Derecho constitucional
Subdivisión geográfica Honduras
9 (RLIN) 218258
651 #7 - PUNTO DE ACCESO ADICIONAL DE MATERIA--NOMBRE GEOGRÁFICO
Fuente del encabezamiento o término lemb
Nombre geográfico Honduras
Subdivisión general Constitución (1982)
9 (RLIN) 218257
700 1# - PUNTO DE ACCESO ADICIONAL--NOMBRE DE PERSONA
Nombre de persona Matute López, Darlan Esteban
Término indicativo de función/relación compilador
-- editor
9 (RLIN) 218238
942 ## - ELEMENTOS DE PUNTO DE ACCESO ADICIONAL (KOHA)
Fuente del sistema de clasificación o colocación Sistema de Clasificación Decimal Dewey
Tipo de ítem Koha Libro (general)
Existencias
Estado de retiro Estado de pérdida Fuente del sistema de clasificación o colocación No para préstamo Código de colección Localización permanente Fecha de adquisición Total de préstamos Signatura topográfica completa Código de barras Fecha visto por última vez Número de copia Precio válido a partir de Tipo de ítem Koha
  Disponible Sistema de Clasificación Decimal Dewey   General Biblioteca Central UNIBE 06/04/2026   342.7283 H771c 260345 05/06/2026 Ej. 1 05/06/2026 Libro (general)